Product Management/ (Record no. 49564)

MARC details
000 -LEADER
fixed length control field 00380nam a22001457a 4500
008 - FIXED-LENGTH DATA ELEMENTS--GENERAL INFORMATION
fixed length control field 170321b xxu||||| |||| 00| 0 eng d
020 ## - INTERNATIONAL STANDARD BOOK NUMBER
International Standard Book Number 9780390203441
050 ## - LIBRARY OF CONGRESS CALL NUMBER
Classification number HF5415.15
Item number .P76 2011
245 ## - TITLE STATEMENT
Title Product Management/
Statement of responsibility, etc by Lehmann and Winer
250 ## - EDITION STATEMENT
Edition statement 4th ed.
260 ## - PUBLICATION, DISTRIBUTION, ETC. (IMPRINT)
Place of publication, distribution, etc USA
Name of publisher, distributor, etc McGrawHill
Date of publication, distribution, etc 2011
300 ## - PHYSICAL DESCRIPTION
Extent iv.507p
Dimensions 29cm
500 ## - GENERAL NOTE
General note includes index
942 ## - ADDED ENTRY ELEMENTS (KOHA)
Source of classification or shelving scheme Library of Congress Classification
Item type Book
Holdings
Withdrawn status Lost status Source of classification or shelving scheme Damaged status Not for loan Collection code Home library Current library Shelving location Date acquired Source of acquisition Cost, normal purchase price Full call number Barcode Copy number Price effective from Koha item type
    Library of Congress Classification     Non-fiction Nairobi Campus Nairobi Campus General Circulation 21/03/2017 Donation-BFA 1000.00 HF5415.15 .P76 2011 052034 1 21/03/2017 Book